Transfert belges football - Statistiques

Statistiques générales
  • Ce quiz a été pris 56 fois
  • Le résultat moyen est 11 sur 15
Statistiques - réponses
Question Réponse % Correct
Rennes ➡️ man city Doku
100%
Chelsea ➡️Réal Madrid Hazard
96%
Brighton➡️ Arsenal Trossard
96%
Anderlecht ➡️Manchester united Januzaj
88%
Crystal palace ➡️ DC United Benteke
85%
Westerlo ➡️ Saint Étienne Stassin
83%
Manchester city ➡️ Lyon Denayer
81%
Inter ➡️ Antwerp Naingollan
75%
Manchester city ➡️ Celtic Boyata
69%
Bruges➡️ Brighton De cuyper
67%
Charleroi➡️ Anderlecht Colassin
60%
Standard de liege ➡️ Rangers Raskin
60%
Dijon ➡️ Toronto Ciman
54%
Standard de liege ➡️ Maastricht Chadli
52%
Standard de liege ➡️ Schalke 04 Wilmots
50%
Aucun quiz correspondant
Distribution des résultats
% des personnes avec chaque résultat
Percentile par nombre de réponses
Votre historique - résultats
Vous n’avez pas pris ce quiz